000 00881nam a2200241 i 4500
001 184086
003 ES-MaACL
005 20230906222042.0
008 150312s1970 sp |||| | lat
080 _a231.74:262.5 Vat.II
111 2 _aConcilio Vaticano (
_n2º.
_d1962-1965)
_9122
245 1 3 _aLa revelación divina :
_bConstitución Dogmática "Dei Verbum" /
_ccomentarios por B.-D. Dupuy ... [et al.] ; bajo la dirección de B.-D. Dupuy ; [traducción de Cecilio Sánchez Gil].
260 _aMadrid :
_bTaurus,
_c[1970]
300 _a2 v. ;
_c22 cm.
490 1 _aVaticano II ;
_v8-9
546 _aTexto latino y traducción española.
650 4 _aRevelación.
_916895
700 1 _aDupuy, Bernard Dominique.
_9156551
700 1 _aSánchez Gil, Cecilio.
_9102671
830 1 _aVaticano II ;
_v8-9
_9192023
852 4 _aES-MaACL
_jE-15481-82
999 _c184086
_d184086